LEADER 02817nam 2200673 450 001 9910797378903321 005 20230807220051.0 010 $a3-11-036667-3 010 $a3-11-039438-3 024 7 $a10.1515/9783110366679 035 $a(CKB)3710000000438892 035 $a(EBL)1787218 035 $a(SSID)ssj0001558094 035 $a(PQKBManifestationID)16183724 035 $a(PQKBTitleCode)TC0001558094 035 $a(PQKBWorkID)14819358 035 $a(PQKB)10356603 035 $a(MiAaPQ)EBC1787218 035 $a(DE-B1597)429227 035 $a(OCoLC)913775095 035 $a(OCoLC)952807138 035 $a(DE-B1597)9783110366679 035 $a(Au-PeEL)EBL1787218 035 $a(CaPaEBR)ebr11082593 035 $a(CaONFJC)MIL810252 035 $a(OCoLC)913561788 035 $a(EXLCZ)993710000000438892 100 $a20150811h20152015 uy 0 101 0 $ager 135 $aur|n|---||||| 181 $ctxt 182 $cc 183 $acr 200 10$aOrthographie $eo?ffentlichkeit, wissenschaft und erwerb /$fIna Karg 210 1$aMunich, [Germany] ;$aBerlin, [Germany] ;$aBoston, [Massachusetts] :$cDe Gruyter,$d2015. 210 4$d©2015 215 $a1 online resource (162 p.) 225 1 $aGermanistische Arbeitshefte, ;$vBand 46 300 $aDescription based upon print version of record. 311 $a3-11-036881-1 311 $a3-11-037442-0 320 $aIncludes bibliographical references and index. 327 $tFrontmatter -- $tInhalt -- $tEinleitung -- $t1. Grundlagen und Grundfragen -- $t2. Popularität der Orthographie -- $t3. Orthographie in der Sprachwissenschaft -- $t4. Orthographiedidaktik und Orthographieerwerb -- $tF4 Additum -- $t5. Andere Länder und lebenslange Aufmerksamkeit -- $t6. Lösungshinweise -- $tBibliographie -- $tSachindex -- $tPersonenindex 330 $a This textbook presents orthography from the perspectives of the public interest, linguistics, written language acquisition, and communication. It examines this multi-faceted element of language from a historical and critical viewpoint. The book is oriented to practice and addresses the needs of prospective and practicing students and teachers of German studies as well as school officials responsible for internal further training. 410 0$aGermanistische Arbeitshefte ;$vBand 46. 606 $aGerman language$xOrthography and spelling 610 $aOrthography Reforms. 610 $aOrthography. 610 $aWritten Language Acquisition. 615 0$aGerman language$xOrthography and spelling. 676 $a431.52 700 $aKarg$b Ina$01511317 801 0$bMiAaPQ 801 1$bMiAaPQ 801 2$bMiAaPQ 906 $aBOOK 912 $a9910797378903321 996 $aOrthographie$93744512 997 $aUNINA LEADER 01746nam0 2200397 i 450 001 UBO0322214 005 20251003044419.0 010 $a8842057304 020 $aIT$b99-11147 100 $a19990312d1999 ||||0itac50 ba 101 | $aita 102 $ait 181 1$6z01$ai $bxxxe 182 1$6z01$an 200 1 $aDemocrazia e diritti$eGermania$edallo Stato di diritto alla democrazia costituzionale$fGustavo Gozzi 210 $aRoma [etc.]$cGLF editori Laterza$d1999 215 $aX, 307 p.$d21 cm. 225 | $aLibri del tempo Laterza$v291 410 0$1001CFI0002018$12001 $aLibri del tempo Laterza$v291 606 $aStato$xTeorie$xGermania$xSec. 19.-20.$2FIR$3CFIC078688$9I 676 $a320.094$9SCIENZA POLITICA. Europa$v23 676 $a320.1$9STATO$v20 676 $a320.1$9LO STATO$v21 676 $a320.10943$9STATO. GERMANIA$v20 676 $a320.443$9STRUTTURA E FUNZIONI DEL GOVERNO. GERMANIA$v21 676 $a323.0943$9DIRITTI CIVILI E POLITICI. EUROPA CENTRALE GERMANIA$v20 676 $a323.0943$9$v21 700 1$aGozzi$b, Gustavo$3CFIV063208$4070$0120624 801 3$aIT$bIT-000000$c19990312 850 $aIT-BN0095 $aIT-NA0120 901 $bNAP 01$cPOZZO LIB.$nVi sono collocati fondi di economia, periodici di ingegneria e scienze, periodici di economia e statistica e altri fondi comprendenti documenti di economia pervenuti in dono. 912 $aUBO0322214 950 0$aBiblioteca Centralizzata di Ateneo$c1 v.$d 01POZZO LIB.ECON MON 7418$e 0101 7002299965E VMA 1 v. (Precednte collocazione 29 EC 996)$fB $h20220804$i20220804 977 $a 01$a CR 996 $aDemocrazia e diritti$9563620 997 $aUNISANNIO